Central Library OPAC University of Rajshahi

The American economy, 1860-1940 / (Record no. 59768)

MARC details
000 -LEADER
fixed length control field 00709nam a2200229 a 4500
001 - CONTROL NUMBER
control field 59768
003 - CONTROL NUMBER IDENTIFIER
rucl marc code BD-RjUL
005 - DATE AND TIME OF LATEST TRANSACTION
control field 20211209080752.0
008 - FIXED-LENGTH DATA ELEMENTS--GENERAL INFORMATION
fixed length control field 161228s1951 xx a 00100 eng d
035 ## - SYSTEM CONTROL NUMBER
System control number (BD-RjUL)59892
040 ## - CATALOGING SOURCE
Original cataloging agency OCP
Transcribing agency OCP
Modifying agency BD-RjUL
Language of cataloging eng
041 ## - LANGUAGE CODE
Language code of text/sound track or separate title eng
082 ## - DEWEY DECIMAL CLASSIFICATION NUMBER
Edition number 23
Classification number 330.09
Author mark and year BRA 1951
100 1# - MAIN ENTRY--PERSONAL NAME
Personal name Brown, Arthur Joseph Youngson.
9 (RLIN) 177837
245 14 - TITLE STATEMENT
Title The American economy, 1860-1940 /
Statement of responsibility, etc. With a foreword by Keith A. H. Murray.
260 ## - PUBLICATION, DISTRIBUTION, ETC. (IMPRINT)
Place of publication, distribution, etc. New York :
Name of publisher, distributor, etc. Library publishers,
Date of publication, distribution, etc. c1951
300 ## - PHYSICAL DESCRIPTION
Pagination 208 p. :
Illustrations ill. ;
Size 22 cm.
504 ## - BIBLIOGRAPHY, ETC. NOTE
Bibliography, etc Bibliography: p. 203-205.
650 ## - SUBJECT ADDED ENTRY--TOPICAL TERM
Topical term or geographic name as entry element Economic conditions
Geographic subdivision United States
9 (RLIN) 177840
Topical term or geographic name as entry element Economic history
9 (RLIN) 172944
942 ## - ADDED ENTRY ELEMENTS (KOHA)
Source of classification or shelving scheme Dewey Decimal Classification
Koha item type Books
Holdings
Lost status Source of classification or shelving scheme Damaged status Not for loan Collection code Permanent Location Current Location Shelving location Date acquired Source of acquisition Total Checkouts Full call number Date last seen Copy number Koha item type
  Dewey Decimal Classification   Not For Loan Non-fiction Central Library, University of Rajshahi Central Library, University of Rajshahi Reading Room 01/03/1958 U. S. govt.   330.09 BRA 1951 27/12/2016 C-1 Books